Česko Slovensko : kde domov náš... /

Hlavní autor: Turzonovová, Božidara, 1942-
Další autoři: Pafko, Pavel, 1940-
Jazyk: Slovenština
Čeština
Vydáno: Říčky : Flétna, [2018]
Vydání: Vydání první
Témata:
Fyzický popis: 127 stran : ilustrace (převážně barevné), portréty, faksimile ; 22 cm
Language note: Částečně slovenský text
Knihy
Uloženo v:
LEADER 01738nam a2200493 i 4500
001 nkc20193082309
003 CZ PrNK
005 20190531083918.0
007 ta
008 190313t20182018xr ach e 000 0 cze
015 |a cnb003082309 
020 |a 978-80-88068-37-2  |q (vázáno) 
035 |a (OCoLC)1104147180 
040 |a BOA001  |b cze  |e rda 
041 0 |a cze  |a slo 
043 |a e-xr---  |a e-xo--- 
072 7 |a 908(437)  |x Vlastivěda Česka a Slovenska  |2 Konspekt  |9 8 
080 |a 908(437.3)  |2 MRF 
080 |a 908(437.6)  |2 MRF 
080 |a (084.12)  |2 MRF 
100 1 |a Turzonovová, Božidara,  |d 1942-  |7 ola2002142503  |4 aut 
245 1 0 |a Česko Slovensko :  |b kde domov náš... /  |c Božidara Turzonovová, Pavel Pafko 
246 1 8 |a Kde domov náš... 
250 |a Vydání první 
264 1 |a Říčky :  |b Flétna,  |c [2018] 
264 4 |c ©2018 
300 |a 127 stran :  |b ilustrace (převážně barevné), portréty, faksimile ;  |c 22 cm 
336 |a text  |b txt  |2 rdacontent 
336 |a statický obraz  |b sti  |2 rdacontent 
337 |a bez média  |b n  |2 rdamedia 
338 |a svazek  |b nc  |2 rdacarrier 
546 |a Částečně slovenský text 
651 7 |a Česko  |7 ge128065  |x vlastivěda  |2 czenas 
651 7 |a Slovensko  |7 ge128580  |x vlastivěda  |2 czenas 
651 9 |a Czechia  |x description and travel  |2 eczenas 
651 9 |a Slovakia  |x description and travel  |2 eczenas 
655 7 |a fotografické publikace  |7 fd132276  |2 czenas 
655 9 |a photographical works  |2 eczenas 
700 1 |a Pafko, Pavel,  |d 1940-  |7 jn19990009946  |4 aut 
910 2 |a BOA001  |b 2-1425.230 
990 |a BK 
995 |a 01 
991 |b 201903  |c NOV 
996 6 |b 2610774267  |c 2-1425.230  |l MZK  |r Sklad / do 1 hodiny  |n 0  |p p.v.  |w 001713265  |u 000010  |a 1  |e BOA001  |j MZK50  |s P